000 00496nam a2200181 i 4500
001 bg
100 1 _aNOWACKI, Tadeusz
245 0 _aElementy psychologii /
_cTadeusz Nowacki.
260 _aWrocław [i in.] :
_bZakład Nar. im. Ossolińskich,
_c1973.
300 _a420 s., [1] k.tabl. kolor. :
_brys., wykr. ;
_c21 cm.
650 9 _aPsychologia
655 _aPodręczniki
040 _cBPK
041 _apol
080 _a159.9(07)
942 _cKS
008 s pl f |000 0 pol
999 _c6843
_d6843
856 _uhttp://koha.tu.koszalin.pl/cgi-bin/koha/opac-detail.pl?biblionumber=6843
_yKatalog online BPK